000 00406nam a2200145Ia 4500
008 150201s2006 xx 000 0 und d
082 _a617.6
_bO2006N
100 _aNEW LAND
245 _aORAL HARD TISSUE DISEASES: REFERENCE MANUAL OF ORAL DIAGNOSIS & MANAGEMENT
250 _a1ST
260 _bLEXI-COMP PUBLICATION
_aHUDSON(OHIO)
_c2006
300 _a1-110
650 _aORAL MEDICINE
942 _2ddc
_cBK
999 _c3545
_d3545